000
00188 a2200097 4500
001
9601
100
_a
Boyd, W
245
_a
Patnology
260
_a
_b
Lea & Febign
_c
090
_c
7641
_d
7641
942
_a
NUST-CAE
_c
M
_c
34313
999
_c
244674
_d
244674